000 00912nam a22001217a 4500
040 _cRUA
100 _aPHOUM BORY ភូមិ បូរី
245 _aSTUDY ON LAND TENURE AND LAND USE OF SOCIAL LAND CONCESSION TO FORMER ARMED FORCES AND VETERANS FAMILIES IN DECHOU AKPHIVOADTH COMMUNE, CHHUK DISTRICT, KAMPOT PROVINCE សិក្សាពីការកាន់កាប់ និងការប្រើប្រាស់ដីសម្បទាន ដីសង្គមកិច្ចជូនអតីតកងកម្លាំងប្រដាប់អាវុធ និងគ្រួសារយោធិននៅឃុំតេជោអភិវឌ្ឍន៍ ស្រុកឈូក ខេត្តកំពត
260 _aPHNOM PENH
_bRUA
_c2023
300 _aX. 65P
_bVII.
_c29CM
856 _uhttps://drive.google.com/file/d/1j331gCn25nSunoTsze7-obZplx0YNRoa/view?usp=sharing
942 _cLMA
999 _c23174
_d23174